ბათუმის შოთა რუსთაველის სახელმწიფო უნივერსიტეტის ბიბლიოთეკა

გახსნილჯაჭვიანი ორგანული შენაერთების ქიმია (ბიბ.ჩანაწერი № 44512)

000 -LEADER
fixed length control field 00867nam a2200205Ia 4500
001 - CONTROL NUMBER
control field 11310
003 - CONTROL NUMBER IDENTIFIER
control field GE_BSU
008 - FIXED-LENGTH DATA ELEMENTS--GENERAL INFORMATION
fixed length control field 181216s||||||||xx |||||||||||||| ||und||
040 ## - CATALOGING SOURCE
Transcribing agency GE_BSU
080 ## - UNIVERSAL DECIMAL CLASSIFICATION NUMBER
Universal Decimal Classification number 547
100 ## - MAIN ENTRY--PERSONAL NAME
Personal name ზალკინდი ი.ს.
245 ## - TITLE STATEMENT
Title გახსნილჯაჭვიანი ორგანული შენაერთების ქიმია
245 ## - TITLE STATEMENT
Statement of responsibility, etc. რედ: ი. მოსეშვილი მთარგმ. ა. კახნიაშვილი, ა. ნოღაიდელი
260 ## - PUBLICATION, DISTRIBUTION, ETC.
Place of publication, distribution, etc. თბილისი
260 ## - PUBLICATION, DISTRIBUTION, ETC.
Name of publisher, distributor, etc. თბილისის სა. უნ–ტის გამ–ბა.
260 ## - PUBLICATION, DISTRIBUTION, ETC.
Date of publication, distribution, etc. 1949
300 ## - PHYSICAL DESCRIPTION
Extent 451გვ.24სმ.
653 ## - INDEX TERM--UNCONTROLLED
Uncontrolled term გახსნილჯაჭვიანი ორგანული შენაერთების ქიმია
942 ## - ADDED ENTRY ELEMENTS (KOHA)
Koha item type წიგნი
ეგზემპლარები
Withdrawn status Lost status Damaged status Not for loan Date acquired Barcode Date last seen Price effective from Koha item type
        2018-12-17 19696 2018-12-17 2018-12-17 წიგნი